|
|
|
|
| LEADER |
00000nam a2200000Ia 4500 |
| 008 |
180828b2003 cl ||||| |||| 00| | spa d |
| 999 |
|
|
|c 2078
|d 2078
|
| 090 |
|
|
|a 13.07.01
|b 538
|
| 100 |
|
|
|a Liang, Xiaoyan
|9 4148
|
| 245 |
1 |
0 |
|a Remuneración de los docentes en 12 países latinoamericanos: Quiénes son los docentes, factores que determinan su remuneración y comparación con otras profesiones /
|c Xiaoyan Liang
|
| 260 |
|
|
|a Santiago de Chile :
|b PREAL,
|c 2003
|
| 300 |
|
|
|a 30 páginas
|
| 650 |
1 |
4 |
|a SALARIOS
|9 2846
|
| 650 |
1 |
4 |
|a DOCENTES
|9 331
|
| 650 |
1 |
4 |
|a DETERMINACION DEL SALARIO
|
| 650 |
1 |
4 |
|a PAPEL DEL DOCENTE
|9 1815
|
| 650 |
1 |
4 |
|a FAMILIA
|9 404
|
| 650 |
1 |
4 |
|a FORMACIÓN PROFESIONAL
|9 498
|
| 942 |
|
|
|i 00947
|h 13.07.01 538
|2 z
|c 01
|